000 01112nam a2200253Ia 4500
001 6343
003 GE_BSU
008 181216s||||||||xx |||||||||||||| ||und||
040 _cGE_BSU
080 _a94(47+57),,1941-1945" :821
100 _aბაქრაძე,დავით.
245 _aგმირთა სისხლით
245 _bპირველი უკრ.პარტიზან.შენაერთის მონაწილის ჩანაწერები.
245 _cრედ:ლ.გეგელია;მხატვ:.ო.ვარვარიძე.
250 _aგადამუშავებული გამოცემა.
260 _aთბილისი.
260 _bნაკადული.
260 _c1964.
300 _a485გვ;ილ;1ფ.პორტრ;24სმ.
300 _b(მოგონებათა ფურცლები).
653 _aგმირთა სისხლით
653 _aქართველი პარტიზანები დიდ სამამულო ომში.
942 _cBK
999 _c39738
_d39738